Представление документа в формате RUSMARC

Поле Инд. ПП Название Значение
Тип записи a
Библиографический уровень a
001 Контрольный номер dffae1a1e7244d25946cab51d9046161
005 Дата корректировки 20200512133700.2
100 a Данные общей обработки 20181128 ||| 0rusy0189 ca
101 0_ a Язык текста rus
102 a Страна публикации RU
200 1_ f Первые сведения об ответственности И.А. Табак
a Заглавие Влияние некоторых особенностей порядка упрощенного производства на соблюдение процессуальных сроков рассмотрения и разрешения дела судами общей юрисдикции
b Общее обозначение материала Текст
210 1_ d Дата издания 2017
461 _0 1 2000
a Арбитражный и гражданский процесс
463 _0 1 2000
a № 9
v С. 24-28
1 2101
d 2017
1 00184d707d4088d4fc6bf47735eba8ce313
606 a Основная рубрика Гражданское процессуальное право
610 0_ a Ключевые слова ГРАЖДАНСКИЙ ПРОЦЕСС
a Ключевые слова УПРОЩЕННОЕ ПРОИЗВОДСТВО
a Ключевые слова СРОКИ
a Ключевые слова ВЕРХОВНЫЙ СУД РФ
a Ключевые слова ТОЛКОВАНИЕ ПРАВА
700 _1 a Фамилия Табак
b Имя И.А.
801 _0 a Страна RU
b Организация РГУП
c Дата составления 20181128
g Правила каталогизации PSBO
801 _1 a Страна RU
b Организация РГУП
c Дата составления 20181128
g Правила каталогизации PSBO
901 t Тип документа b
w Контрольный № источника 84d707d4088d4fc6bf47735eba8ce313
905 a Дата ввода 20181128